Statistics for Teams that don't lose to Italy in football

Click here to take the quiz!

General Stats

  • This quiz has been taken 128 times
  • The average score is 8 of 17

Answer Stats

CountryGamesWDLW / LConfederationYEARS% Correct
Brazil1653863%CONMEBOL1938 - 2013
95%
Spain3911161292%UEFA1920 - 2021
81%
Uruguay1134475%CONMEBOL1928 - 2017
72%
Chile3111100%CONMEBOL1962 - 1998
63%
Peru1010CONMEBOL1982
59%
South Korea2101100%AFC1986 - 2002
54%
Croatia915333%UEFA1942 - 2015
53%
Costa Rica2101100%CONCACAF1994 - 2014
48%
Soviet Union1125450%UEFA1963 - 1991
47%
Serbia and Montenegro3030UEFA2002 - 2005
45%
Slovakia2101100%UEFA1998 - 2010
41%
North Macedonia3111100%UEFA2016 - 2022
38%
North Korea10010%AFC1966
34%
East Germany4121100%UEFA1969 - 1982
31%
Iceland20110%UEFA2004 - 2005
28%
Ivory Coast20110%CAF2005 - 2010
27%
Europe All Stars10010%1981
4%

Score Distribution

Percentile by Number Answered

Percent of People with Each Score

Your Score History

You have not taken this quiz